000 00581nam a2200217Ia 4500
005 20241129120148.0
008 241129s9999||||xx |||||||||||||| ||und||
020 _a9781639871506
037 _aTB
040 _aSDCL
_beng
_cSDCL
041 _aeng
_2eng
084 _aD6,8(B),22:8, R2
_qSDCL
100 _aBenson Mick
_9729302
245 0 _aData mining: Concepts and algorithms
260 _aNew York
_bMurphy & Moore
_c2022
300 _avi,237p.
365 _aUSD
_b156.95
650 _aI I C
942 _cTB
_hD6,8(B),22:8, R2
999 _c1233610
_d1233610